Ekonomické aspekty využitia komunálneho odpadu ako alternatívneho zdroja energie bakalárska práca

Uložené v:
Podrobná bibliografia
Hlavný autor: Juhászová, Anna
Korporativný autor: Podnikovohospodárska fakulta EU so sídlom v Košiciach. Katedra ekonómie
Ďalší autori: Stričík, Michal, 1969-
Médium: Kniha
Jazyk:Slovak
Vydavateľské údaje: Košice 2012
Tagy: Pridať tag
Žiadne tagy, Buďte prvý, kto otaguje tento záznam!

MARC

LEADER 00000nbm a2200000 4500
001 0155657
005 20240827092141.6
041 0 |a slo 
044 |a SK 
245 1 0 |a Ekonomické aspekty využitia komunálneho odpadu ako alternatívneho zdroja energie  |b bakalárska práca  |c Anna Juhászová ; školiteľ: Michal Stričík 
264 1 |a Košice  |c 2012 
300 |a 50 s. 
100 1 |a Juhászová, Anna 
700 1 |a Stričík, Michal, 1969- 
710 2 |a Podnikovohospodárska fakulta EU so sídlom v Košiciach. Katedra ekonómie